00468nam a2200145 i 450000100060000000300090000600700030001500800410001824501300005925000150018926000440020430000220024870000200027085200320029052811ES-MaACLt|030904s1982 sp ||||1| spa d00a¿Defensa armada o defensa popular no-violenta? / cG. Arias ... [et al.] ; [presentación y traducción de Gonzalo Arias]. a[2ª ed.]. aBarcelona : bHogar del Libro, c[1982] a156 p. ; c18 cm.1 aArias, Gonzalo. aES-MaACLjL-3995 bR.104680